Normal view
MARC view
- THESAURUS-ENGLISH LANGUAGE ENGLISH LANGUAGE-THESAURUS
Entry Topical Term
001 - CONTROL NUMBER
- control field: 78408
003 - CONTROL NUMBER IDENTIFIER
- control field: NUST
005 - DATE AND TIME OF LATEST TRANSACTION
- control field: 20210628210201.0
008 - FIXED-LENGTH DATA ELEMENTS
- fixed length control field: 210628|| aca||aabn | a|a d
040 ## - CATALOGING SOURCE
- Original cataloging agency: NUST
- Transcribing agency: NUST
150 ## - HEADING--TOPICAL TERM
- Topical term or geographic name entry element: THESAURUS-ENGLISH LANGUAGE ENGLISH LANGUAGE-THESAURUS
670 ## - SOURCE DATA FOUND
- Source citation: Work cat.: (NUST): Merriam-Webster Webster, Merriam 78407, Webster's new explorer thesaurus, 1999
